Score 0/18 Timer 03:00
1 Play Today
% Correct
Damon
93.6%
LeBlanc
90.3%
Broderick
89.3%
Perry
85.7%
McConaughey
85%
Groening
81.3%
Lauer
75.4%
Dillon
71.1%
Hasselbeck
64.7%
% Correct
Fox
61.8%
Smith
44.3%
Schaub
42.7%
Murdock
42.5%
Bomer
40.6%
Gray Gubler
35.1%
Santos
24.6%
Flinders
23.4%
Dallas
22.4%
Remove Ads.
Support Sporcle.
Get the best of Sporcle when you Go Orange. This ad-free experience offers more features, more stats, and more fun while also helping to support Sporcle. Thank you for becoming a member.

You're not logged in!

Compare scores with friends on all Sporcle quizzes.
OR
Log In

Sporcle TV

Today on Sporcle TV


Watch our educational content, quiz creation guides, and fun videos on Sporcle TV.

Show Comments

Extras

Top Quizzes Today


Score Distribution

Paid Content

Your Account Isn't Verified!

In order to create a playlist on Sporcle, you need to verify the email address you used during registration. Go to your Sporcle Settings to finish the process.

Report this User

Report this user for behavior that violates our Community Guidelines.

Details: